[Event "III Festival A"]
[Site "San Martino di Castrozza - Siror ITA"]
[Date "2002.07.06"]
[Round "6"]
[White "Dallaglio, Giovanni"]
[Black "Aliferopulos, Andrea"]
[Result "1-0"]
[WhiteElo "2051"]
[BlackElo "1686"]
[PlyCount "146"]
[EventDate "2002.07.01"]

1. d4 Nf6 2. c4 g6 3. Nc3 Bg7 4. e4 d6 5. Be2 O-O 6. Nf3 e5 7. O-O Nc6 8. d5
Ne7 9. Ne1 Nd7 10. Nd3 f5 11. f3 f4 12. Bd2 Nf6 13. a4 g5 14. a5 Ng6 15. b4 h5
16. Nf2 Rf7 17. c5 Bf8 18. cxd6 Bxd6 19. Nb5 Rg7 20. h3 Nh4 21. Ra3 Qe7 22.
Nxd6 cxd6 23. Rc3 Qd8 24. Qc2 Kh8 25. Rc1 Bd7 26. Rc7 a6 27. Be1 Ne8 28. Rc3
Qf6 29. Qd1 Qh6 30. Nd3 Ng6 31. Nf2 Rh7 32. Rc4 Nf6 33. Rc7 Rb8 34. Bd2 Kg8 35.
Kf1 Kh8 36. Kg1 Rf7 37. b5 axb5 38. Bxb5 Qh7 39. Bxd7 Rxd7 40. Rc8+ Rd8 41.
Rxb8 Rxb8 42. Bb4 Qd7 43. Rc4 Ne7 44. Kf1 Kg7 45. Qc2 Ne8 46. Qc3 Rc8 47. Rxc8
Qxc8 48. Nd3 Qxc3 49. Bxc3 Nc8 50. h4 Kg6 51. hxg5 Kxg5 52. Kf2 h4 53. Nb2 Nc7
54. Nc4 Nb5 55. Bb4 Kh5 56. Kg1 Kg6 57. Kh2 Kh6 58. Kh3 Kg5 59. Be1 Nd4 60.
Bxh4+ Kh5 61. Bd8 Nb5 62. g3 fxg3 63. Kxg3 Kg6 64. Kg4 Nca7 65. f4 exf4 66.
Kxf4 Nc8 67. e5 dxe5+ 68. Kxe5 Kf7 69. Bh4 Nca7 70. Nd6+ Nxd6 71. Kxd6 Nb5+ 72.
Kc5 Nc7 73. Bg3 Na6+ 1-0

[Event "III Festival A"]
[Site "San Martino di Castrozza - Siror ITA"]
[Date "2002.07.06"]
[Round "6"]
[White "Drasko, Milan"]
[Black "Contin, Daniel"]
[Result "1/2-1/2"]
[WhiteElo "2502"]
[BlackElo "2334"]
[PlyCount "172"]
[EventDate "2002.07.01"]

1. Nf3 c5 2. c4 g6 3. d4 cxd4 4. Nxd4 Bg7 5. e4 Nc6 6. Be3 Nf6 7. Nc3 O-O 8.
Be2 d6 9. O-O Bd7 10. Qd2 Nxd4 11. Bxd4 Qa5 12. f3 Rfc8 13. Rac1 Be6 14. b3 a6
15. Qb2 Qg5 16. f4 Qh6 17. Rcd1 b5 18. cxb5 axb5 19. Bxb5 Ng4 20. h3 Bxd4+ 21.
Rxd4 Ne3 22. Rf3 Qg7 23. Rd3 d5 24. Rfxe3 Rxc3 25. Qxc3 Qxc3 26. Rxc3 d4 27. a4
dxe3 28. Rxe3 Rd8 29. f5 Rd1+ 30. Kf2 gxf5 31. exf5 Bxf5 32. Rxe7 Be6 33. a5
Bxb3 34. a6 Ra1 35. a7 Bd5 36. g4 Ra5 37. Bc4 Bxc4 38. Re8+ Kg7 39. a8=Q Rxa8
40. Rxa8 h5 41. gxh5 Kh6 42. Rh8+ Kg7 43. Re8 Kh6 44. Re5 Be6 45. Kg3 Ba2 46.
Kh4 Be6 47. Rc5 Ba2 48. Rc6+ Be6 49. Rd6 Kg7 50. Rd3 Kh6 51. Rg3 Bd5 52. Rg8
Be6 53. Rh8+ Kg7 54. Rb8 Kh6 55. Rb5 Ba2 56. Rf5 Be6 57. Rf6+ Kg7 58. Kg5 Ba2
59. h6+ Kh7 60. Rf3 Be6 61. Rg3 Ba2 62. Kh5 Be6 63. Rg7+ Kh8 64. h4 Ba2 65. Kg5
Bb3 66. Kf6 Ba2 67. Ke7 Bb3 68. Kf6 Ba2 69. Kg5 Bc4 70. Kf4 Ba2 71. Kf5 Bb1+
72. Kf6 Ba2 73. Rg2 Bd5 74. Rg7 Ba2 75. Ke7 Bb3 76. Kf8 Ba2 77. h7 Be6 78. Rg5
Ba2 79. Rg8+ Kxh7 80. Rg5 Kh6 81. Ke7 Bb3 82. Kf6 Be6 83. Rg8 Kh7 84. Rg7+ Kh6
85. Rxf7 Bxf7 86. Kxf7 Kh5 1/2-1/2

[Event "III Festival A"]
[Site "San Martino di Castrozza - Siror ITA"]
[Date "2002.07.06"]
[Round "6"]
[White "Gosio, Denis"]
[Black "Marciello, Armando"]
[Result "1-0"]
[WhiteElo "2154"]
[BlackElo "1863"]
[PlyCount "100"]
[EventDate "2002.07.01"]

1. e4 c5 2. Nf3 Nc6 3. d4 cxd4 4. Nxd4 e5 5. Nb5 d6 6. c4 a6 7. N5a3 h6 8. Nc2
Nf6 9. Nc3 Be6 10. Bd3 Be7 11. O-O O-O 12. b3 Nh7 13. Ba3 Rc8 14. Nd5 Bxd5 15.
exd5 Nb8 16. Bf5 Nd7 17. Qg4 Ndf6 18. Qe2 Rb8 19. Bb2 b5 20. Nb4 Qb6 21. Nc6
Rb7 22. Rab1 Re8 23. Kh1 Bf8 24. f3 a5 25. a4 bxa4 26. bxa4 Qa6 27. Bd3 Qa8 28.
Bc3 Nd7 29. Rxb7 Qxb7 30. Rb1 Qa8 31. Rb5 Nhf6 32. Rxa5 Qc8 33. Rb5 Nc5 34. Rb8
Qa6 35. Rxe8 Nxe8 36. a5 Nf6 37. Be4 g6 38. Bb4 Ncd7 39. g3 Qb7 40. Kg2 Nb8 41.
Nxb8 Qxb8 42. Qb2 Qc8 43. Bd3 Nd7 44. Qa3 e4 45. fxe4 Ne5 46. Be2 Qa6 47. Qe3
Qc8 48. Qd4 h5 49. Bc3 f6 50. Qf2 Be7 1-0

[Event "III Festival A"]
[Site "San Martino di Castrozza - Siror ITA"]
[Date "2002.07.06"]
[Round "6"]
[White "Guyer, Patrick"]
[Black "Giuriato, Sergio"]
[Result "1/2-1/2"]
[WhiteElo "2122"]
[BlackElo "1788"]
[PlyCount "62"]
[EventDate "2002.07.01"]

1. Nf3 Nf6 2. d3 g6 3. e4 d6 4. g3 Bg7 5. Bg2 O-O 6. O-O Nbd7 7. h3 c6 8. a4 e5
9. Nc3 Re8 10. Re1 d5 11. exd5 Nxd5 12. Ne4 Qc7 13. a5 N7f6 14. Be3 Nxe4 15.
dxe4 Nf6 16. Bc5 Bf8 17. Be3 Bg7 18. Bd2 Be6 19. Qe2 h6 20. Bc3 Nd7 21. Qe3 b5
22. axb6 axb6 23. b3 Kh7 24. Bf1 Bf8 25. Bb2 Bg7 26. Qc3 Rxa1 27. Rxa1 Kg8 28.
Nd2 Rc8 29. f4 Bf6 30. f5 gxf5 31. Qf3 f4 1/2-1/2

[Event "III Festival A"]
[Site "San Martino di Castrozza - Siror ITA"]
[Date "2002.07.06"]
[Round "6"]
[White "Kasparov, Sergey"]
[Black "Rotstein, Arkadij"]
[Result "0-1"]
[WhiteElo "2462"]
[BlackElo "2557"]
[PlyCount "106"]
[EventDate "2002.07.01"]

1. d4 Nf6 2. c4 e6 3. Nc3 Bb4 4. e3 b6 5. Nge2 c5 6. a3 Ba5 7. Bd2 O-O 8. d5
exd5 9. Nxd5 Nxd5 10. cxd5 Bxd2+ 11. Qxd2 Ba6 12. Ng3 Bxf1 13. Nxf1 d6 14. Ng3
Nd7 15. O-O f5 16. Rae1 b5 17. f4 c4 18. e4 fxe4 19. Nxe4 Qb6+ 20. Kh1 Rae8 21.
h3 h6 22. Ng3 Nc5 23. f5 Rxe1 24. Rxe1 Nd3 25. Re7 Qd4 26. Qc3 Nf2+ 27. Kh2
Qxc3 28. bxc3 Nd1 29. Rxa7 Nxc3 30. Rb7 Rf7 31. Rb6 Rd7 32. Nf1 Kf7 33. Ne3 Kf6
34. a4 bxa4 35. Nxc4 Kxf5 36. Ra6 Ke4 37. Ra5 Kd4 38. Nb6 Rb7 39. Nc8 Rb5 40.
Ra6 Rxd5 41. Nb6 Rb5 42. Nxa4 Ne4 43. Rc6 Ra5 44. Nb2 d5 45. Rc1 Ke3 46. Rf1
Ke2 47. Rf3 Nd2 48. Rf5 Nf1+ 49. Kg1 Nd2 50. Rf2+ Ke3 51. Nd1+ Kd3 52. Rf5 Ra1
53. Kf2 d4 0-1

[Event "III Festival A"]
[Site "San Martino di Castrozza - Siror ITA"]
[Date "2002.07.06"]
[Round "6"]
[White "Morselli, Stefano"]
[Black "Esposito, Marco"]
[Result "1-0"]
[WhiteElo "1798"]
[BlackElo "1809"]
[PlyCount "65"]
[EventDate "2002.07.01"]

1. Nf3 c6 2. c4 d5 3. b3 Bf5 4. Bb2 e6 5. g3 h6 6. Bg2 Nd7 7. O-O Ngf6 8. d3
Be7 9. Nbd2 O-O 10. Rc1 Bh7 11. a3 a5 12. Rc2 Qb6 13. Qa1 Rfd8 14. cxd5 exd5
15. Bh3 Ne8 16. Rb1 Bf6 17. Bxf6 Nexf6 18. b4 Qc7 19. Qc3 a4 20. Nf1 Ne8 21.
Ne3 Nd6 22. b5 Ne4 23. dxe4 Bxe4 24. bxc6 Bxc2 25. Rxb7 Qd6 26. Bxd7 Be4 27.
Nd4 Rdb8 28. f3 Rxb7 29. cxb7 Rd8 30. Bc8 Bg6 31. Ndf5 Bxf5 32. Qxg7+ Kxg7 33.
Nxf5+ 1-0

[Event "III Festival A"]
[Site "San Martino di Castrozza - Siror ITA"]
[Date "2002.07.06"]
[Round "6"]
[White "Naumkin, Igor"]
[Black "Ivanov, Mikhail M."]
[Result "0-1"]
[WhiteElo "2436"]
[BlackElo "2489"]
[PlyCount "68"]
[EventDate "2002.07.01"]

1. d4 Nf6 2. c4 c5 3. d5 b5 4. cxb5 a6 5. bxa6 g6 6. Nf3 Bg7 7. Nc3 Bxa6 8. g3
d6 9. Bg2 Nbd7 10. h3 Nb6 11. O-O O-O 12. Rb1 Bc4 13. Nd2 Bxa2 14. Nxa2 Rxa2
15. e4 Nfd7 16. b4 Na4 17. Rb3 Nc3 18. Qf3 Nb5 19. Qd3 Nd4 20. Rb1 Ne5 21. Qe3
Nc2 22. Qb3 Nxb4 23. Nc4 Nxc4 24. Qxc4 Qa8 25. Bg5 Re8 26. h4 Qa4 27. Bh3 Rc2
28. Qb3 Qxb3 29. Rxb3 h6 30. Be3 Ra8 31. Rd1 Raa2 32. Bf1 h5 33. f4 Bc3 34.
Rdb1 Bd2 0-1

[Event "III Festival A"]
[Site "San Martino di Castrozza - Siror ITA"]
[Date "2002.07.06"]
[Round "6"]
[White "Pagano, Sergio"]
[Black "Fragni, Enrico"]
[Result "0-1"]
[WhiteElo "1851"]
[BlackElo "1711"]
[PlyCount "128"]
[EventDate "2002.07.01"]

1. d4 c6 2. Nf3 d6 3. g3 Bg4 4. Bg2 Nd7 5. b3 Ngf6 6. Bb2 Qc7 7. Nbd2 e5 8.
dxe5 dxe5 9. Nc4 Bxf3 10. Bxf3 Bb4+ 11. c3 Be7 12. Qc2 O-O 13. O-O Rfe8 14. Nd2
Nc5 15. Rfd1 Rad8 16. Nf1 g6 17. c4 Bf8 18. Rxd8 Rxd8 19. Rd1 Rxd1 20. Qxd1 Qd6
21. Ne3 Ncd7 22. Qxd6 Bxd6 23. Ng4 Nxg4 24. Bxg4 f5 25. Bh3 Kf7 26. e4 Kf6 27.
exf5 gxf5 28. g4 fxg4 29. Bxg4 Nc5 30. Be2 Kf5 31. Bc1 e4 32. Ba3 b6 33. Kg2
Nb7 34. Bc1 Bf4 35. Be3 c5 36. h3 Nd6 37. a3 Ke5 38. Kf1 Nf5 39. Bxf4+ Kxf4 40.
Bd1 e3 41. Bc2 exf2 42. Kxf2 h5 43. Bd1 h4 44. b4 Ne3 45. Bb3 Ke4 46. bxc5 bxc5
47. a4 a5 48. Ba2 Nd1+ 49. Kg2 Ne3+ 50. Kf2 Nd1+ 51. Kg2 Nc3 52. Bb3 Kf4 53.
Kf2 Ne4+ 54. Kg2 Nd2 55. Bc2 Nxc4 56. Kf2 Ne3 57. Bg6 c4 58. Ke2 Nd5 59. Kd1
Ke5 60. Ke1 Kd4 61. Kf2 Nf4 62. Bf5 Nd3+ 63. Ke2 Kc3 64. Kf3 Kd2 0-1

[Event "III Festival A"]
[Site "San Martino di Castrozza - Siror ITA"]
[Date "2002.07.06"]
[Round "6"]
[White "Ruzzier, Dario"]
[Black "Bonani, Georg"]
[Result "1-0"]
[WhiteElo "2012"]
[BlackElo "1788"]
[PlyCount "105"]
[EventDate "2002.07.01"]

1. d4 Nf6 2. c4 g6 3. Nc3 Bg7 4. e4 d6 5. Nf3 O-O 6. Be2 e5 7. dxe5 dxe5 8.
Qxd8 Rxd8 9. Bg5 Nbd7 10. O-O-O Rf8 11. Nd5 Nxe4 12. Be3 Nb6 13. Nxc7 Rb8 14.
a4 Be6 15. Nxe6 fxe6 16. a5 Na4 17. Bd3 Nec5 18. Bc2 b5 19. b3 Nxb3+ 20. Bxb3
Nc3 21. Bxa7 Nxd1 22. Rxd1 Rbc8 23. c5 Rc7 24. Bxe6+ Kh8 25. Bb6 Re7 26. Bd5 e4
27. Ng5 Rxf2 28. Bxe4 Bh6 29. c6 Bxg5+ 30. Kb1 Rxe4 31. Bxf2 Rc4 32. Rd6 Bf4
33. Re6 Rb4+ 34. Kc2 Ra4 35. Bb6 Bxh2 36. c7 Rc4+ 37. Kb3 Bxc7 38. Re8+ Kg7 39.
Re7+ Kf6 40. Rxc7 Rg4 41. Rc2 Ra4 42. Rc6+ Kf5 43. Rc5+ Kf4 44. Rxb5 Ra1 45.
Rb4+ Kg3 46. Ra4 Rb1+ 47. Kc4 Kxg2 48. Be3 Rb8 49. Bh6 g5 50. Bxg5 h5 51. a6
Kf3 52. a7 Ra8 53. Kb5 1-0

[Event "III Festival A"]
[Site "San Martino di Castrozza - Siror ITA"]
[Date "2002.07.06"]
[Round "6"]
[White "Tamburini, Lorenzo"]
[Black "Pinotti, Claudio"]
[Result "1-0"]
[WhiteElo "1768"]
[BlackElo "2073"]
[PlyCount "54"]
[EventDate "2002.07.01"]

1. e4 d6 2. d4 Nf6 3. f3 c6 4. c4 e5 5. Be3 Be7 6. Qd2 a6 7. a4 O-O 8. Nc3 exd4
9. Bxd4 Nbd7 10. Bd3 Re8 11. Nge2 Ne5 12. O-O Be6 13. b3 Nxd3 14. Qxd3 Qc7 15.
f4 d5 16. cxd5 cxd5 17. e5 Nd7 18. Rac1 Qa5 19. f5 Nc5 20. Qf3 Bd7 21. Nxd5
Nxb3 22. Nxe7+ Rxe7 23. Qxb3 Bxa4 24. Qa3 Ree8 25. Nc3 Rad8 26. Rf4 Rxd4 27.
Rxd4 Qxe5 1-0

[Event "III Festival A"]
[Site "San Martino di Castrozza - Siror ITA"]
[Date "2002.07.06"]
[Round "6"]
[White "Vita, Fabrizio"]
[Black "Cattafi, Giuseppe"]
[Result "1/2-1/2"]
[WhiteElo "2069"]
[BlackElo "1810"]
[PlyCount "63"]
[EventDate "2002.07.01"]

1. c4 c6 2. Nf3 Nf6 3. g3 d5 4. b3 Bf5 5. Bg2 e6 6. O-O Nbd7 7. Bb2 Be7 8. d3
O-O 9. Nbd2 h6 10. Re1 Bh7 11. a3 a5 12. Rc1 Rc8 13. Rc2 Bc5 14. Qa1 Qb6 15.
Rf1 Rfe8 16. Rcc1 Qa7 17. Ne5 Bf8 18. Ndf3 Nc5 19. Bd4 Qa6 20. Qb2 b5 21. cxb5
cxb5 22. Rc2 a4 23. Bxc5 axb3 24. Qxb3 Rxc5 25. Rxc5 Bxc5 26. Rc1 Qxa3 27. Qxa3
Bxa3 28. Rc7 Re7 29. Rc8+ Re8 30. Rc7 Re7 31. Rc8+ Re8 32. Rc7 1/2-1/2

[Event "III Festival A"]
[Site "San Martino di Castrozza - Siror ITA"]
[Date "2002.07.06"]
[Round "6"]
[White "Zichichi, Alvise"]
[Black "Kleinschroth, Roland"]
[Result "1/2-1/2"]
[WhiteElo "2312"]
[BlackElo "2158"]
[PlyCount "127"]
[EventDate "2002.07.01"]

1. d4 d5 2. c4 e5 3. dxe5 d4 4. Nf3 Nc6 5. g3 Be6 6. Nbd2 Qd7 7. Bg2 Bh3 8. e6
Bxe6 9. Qa4 d3 10. exd3 Nb4 11. Qxd7+ Bxd7 12. Ke2 O-O-O 13. Ne1 Re8+ 14. Kd1
Bc5 15. Ne4 Bd4 16. Bd2 a5 17. Bc3 Bxc3 18. bxc3 Nc6 19. Nf3 Bg4 20. Kd2 Bxf3
21. Bxf3 Ne5 22. Be2 Nxc4+ 23. dxc4 Rxe4 24. Rab1 c6 25. Rb3 Nf6 26. Rhb1 Rd8+
27. Bd3 Re7 28. Kc2 Ne4 29. Re1 Rxd3 30. Kxd3 Nc5+ 31. Kd2 Nxb3+ 32. axb3 Rxe1
33. Kxe1 b5 34. Kd2 bxc4 35. b4 a4 36. Kc2 Kb7 37. Kb2 Kb6 38. Ka3 Kb5 39. h3
g6 40. f3 f6 41. h4 f5 42. Ka2 c5 43. bxc5 Kxc5 44. Ka3 Kb5 45. Ka2 h6 46. Ka3
g5 47. hxg5 hxg5 48. g4 fxg4 49. fxg4 Ka5 50. Kb2 Kb6 51. Ka2 Kc6 52. Ka3 Kd5
53. Kxa4 Ke4 54. Kb5 Kf4 55. Kxc4 Kxg4 56. Kd5 Kf4 57. c4 g4 58. c5 g3 59. c6
g2 60. c7 g1=Q 61. c8=Q Qd1+ 62. Kc6 Qc2+ 63. Kd7 Qxc8+ 64. Kxc8 1/2-1/2

[Event "III Festival A"]
[Site "San Martino di Castrozza - Siror ITA"]
[Date "2002.07.07"]
[Round "7"]
[White "Agnelli, Francesco"]
[Black "Ruzzier, Dario"]
[Result "1-0"]
[WhiteElo "2146"]
[BlackElo "2012"]
[PlyCount "41"]
[EventDate "2002.07.01"]

1. e4 e5 2. Nf3 Nc6 3. Bb5 a6 4. Ba4 Nf6 5. d3 d6 6. c3 Be7 7. Nbd2 O-O 8. Nf1
d5 9. Qe2 b5 10. Bc2 d4 11. Ng3 Re8 12. O-O Bf8 13. Bg5 dxc3 14. bxc3 a5 15.
Rfd1 Re6 16. d4 exd4 17. cxd4 h6 18. d5 Rd6 19. Bxf6 Qxf6 20. dxc6 Rxc6 21. e5
1-0

[Event "III Festival A"]
[Site "San Martino di Castrozza - Siror ITA"]
[Date "2002.07.07"]
[Round "7"]
[White "Aliferopulos, Andrea"]
[Black "Morselli, Stefano"]
[Result "1-0"]
[WhiteElo "1686"]
[BlackElo "1798"]
[PlyCount "45"]
[EventDate "2002.07.01"]

1. e4 g6 2. d4 Bg7 3. c4 d6 4. Nc3 Nf6 5. Be2 O-O 6. Nf3 Na6 7. O-O c5 8. d5
Nc7 9. Re1 a6 10. a4 Nfe8 11. Bd2 e5 12. Bg5 Qd7 13. a5 f5 14. exf5 Qxf5 15.
Bd3 Qf7 16. Qc2 Nf6 17. h3 Nce8 18. Nh4 e4 19. Nxe4 Nh5 20. Nxd6 Qc7 21. Nxe8
Qb8 22. Nxg7 Bxh3 23. Nxh5 1-0

[Event "III Festival A"]
[Site "San Martino di Castrozza - Siror ITA"]
[Date "2002.07.07"]
[Round "7"]
[White "Ammendolea, Massimo"]
[Black "Fragni, Enrico"]
[Result "1-0"]
[WhiteElo "1702"]
[BlackElo "1711"]
[PlyCount "91"]
[EventDate "2002.07.01"]

1. e4 c6 2. d4 d6 3. Bc4 Nf6 4. Nc3 Nxe4 5. Bxf7+ Kxf7 6. Nxe4 g6 7. c3 Bf5 8.
Qb3+ Kg7 9. Ng5 Qe8 10. Qxb7 Nd7 11. Qxc6 h6 12. N5h3 e5 13. Ne2 exd4 14. O-O
Rc8 15. Qa6 d3 16. Nd4 Bxh3 17. gxh3 Ne5 18. Qxa7+ Kg8 19. Qb7 Rh7 20. Qd5+ Kh8
21. Be3 Rc5 22. Qe6 Qd8 23. Nb3 Nf3+ 24. Kh1 Qa8 25. Qg4 Re5 26. Qg2 Re8 27.
Bd4+ Bg7 28. Bxg7+ Rxg7 29. Nd4 Rf7 30. Rad1 Qe4 31. Nxf3 Rxf3 32. a4 Qf5 33.
Qg4 Qd5 34. Qd4+ Qxd4 35. cxd4 Re2 36. Kg2 Rf5 37. b4 Ra2 38. Ra1 Rxa1 39. Rxa1
Rd5 40. a5 Rxd4 41. a6 d2 42. a7 d1=Q 43. a8=Q+ Kg7 44. Rxd1 Rxd1 45. b5 Rb1
46. b6 1-0

[Event "III Festival A"]
[Site "San Martino di Castrozza - Siror ITA"]
[Date "2002.07.07"]
[Round "7"]
[White "Andreoli, Mark"]
[Black "Tamburini, Lorenzo"]
[Result "0-1"]
[WhiteElo "2065"]
[BlackElo "1768"]
[PlyCount "92"]
[EventDate "2002.07.01"]

1. e4 e5 2. d4 exd4 3. c3 Qe7 4. cxd4 Qxe4+ 5. Be3 Bb4+ 6. Nc3 Nf6 7. Qd2 Bxc3
8. bxc3 O-O 9. Nf3 d6 10. Bd3 Qg4 11. O-O Bf5 12. h3 Qh5 13. Be2 Ne4 14. Qb2
Bc8 15. Ng5 Qg6 16. Bd3 f5 17. f4 h6 18. Nf3 Nd7 19. d5 Ndf6 20. c4 Qg3 21.
Rae1 Re8 22. Bc1 Bd7 23. Bxe4 fxe4 24. Nd4 Qd3 25. Ne6 Qxc4 26. f5 Qxd5 27.
Bxh6 Bxe6 28. fxe6 Rxe6 29. Be3 c5 30. Rd1 Qc6 31. Qf2 Rf8 32. Qf5 Qe8 33. g4
b6 34. g5 Nd7 35. Qd5 Rxf1+ 36. Rxf1 Kh8 37. Rf4 Qg6 38. h4 Qe8 39. Qf5 d5 40.
Qxd5 Ne5 41. Qxe4 Ng6 42. Qf3 Rxe3 43. Qh5+ Kg8 44. Rf1 Rg3+ 45. Kh2 Rh3+ 46.
Kg2 Nf4+ 0-1

[Event "III Festival A"]
[Site "San Martino di Castrozza - Siror ITA"]
[Date "2002.07.07"]
[Round "7"]
[White "Bonani, Georg"]
[Black "Pagano, Sergio"]
[Result "1-0"]
[WhiteElo "1788"]
[BlackElo "1851"]
[PlyCount "127"]
[EventDate "2002.07.01"]

1. e4 c6 2. d4 d5 3. Nc3 dxe4 4. Nxe4 Nd7 5. Nf3 Ngf6 6. Nxf6+ Nxf6 7. Bg5 Bg4
8. Be2 e6 9. O-O Be7 10. Re1 h6 11. Bh4 O-O 12. c3 Ne4 13. Bxe7 Qxe7 14. Ne5
Bxe2 15. Qxe2 Nf6 16. f4 Qc7 17. Qf2 Rad8 18. f5 exf5 19. Qxf5 c5 20. Nf3 cxd4
21. Nxd4 Rd5 22. Qf3 Rh5 23. h3 Re5 24. Rxe5 Qxe5 25. Qe2 Nd7 26. Re1 Re8 27.
Qxe5 Rxe5 28. Kf2 Rxe1 29. Kxe1 Kf8 30. Nf5 Nc5 31. Kd2 Ne6 32. Ke3 h5 33. Ke4
g6 34. Nd6 Nd8 35. c4 Ke7 36. Nc8+ Kf6 37. Nxa7 Kg5 38. Nb5 Kh4 39. Kf3 g5 40.
Nd6 g4+ 41. hxg4 hxg4+ 42. Kf2 Kg5 43. g3 Kf6 44. Ke3 Ke5 45. Ne4 Ne6 46. b4
Nd4 47. Kd3 f5 48. Nf2 Nf3 49. a4 Kd6 50. Ke3 Ne5 51. Kf4 Ke6 52. c5 Nc6 53.
Nd3 Ne7 54. b5 Nd5+ 55. Kg5 Nc3 56. c6 bxc6 57. b6 Ne4+ 58. Kf4 Kd7 59. a5 Kc8
60. a6 c5 61. Kxf5 Nd6+ 62. Ke6 c4 63. Kxd6 cxd3 64. Kc6 1-0

[Event "III Festival A"]
[Site "San Martino di Castrozza - Siror ITA"]
[Date "2002.07.07"]
[Round "7"]
[White "Bondielli, Giorgio"]
[Black "Guyer, Patrick"]
[Result "1/2-1/2"]
[WhiteElo "2008"]
[BlackElo "2122"]
[PlyCount "24"]
[EventDate "2002.07.01"]

1. e4 d6 2. d4 Nf6 3. Bd3 g6 4. c3 Bg7 5. Nf3 Bg4 6. h3 Bxf3 7. Qxf3 e5 8. O-O
Nbd7 9. Na3 O-O 10. Nc2 c6 11. Bg5 h6 12. Bh4 g5 1/2-1/2

[Event "III Festival A"]
[Site "San Martino di Castrozza - Siror ITA"]
[Date "2002.07.07"]
[Round "7"]
[White "Contin, Daniel"]
[Black "Gosio, Denis"]
[Result "1/2-1/2"]
[WhiteElo "2334"]
[BlackElo "2154"]
[PlyCount "126"]
[EventDate "2002.07.01"]

1. Nf3 Nf6 2. c4 b6 3. g3 Bb7 4. Bg2 e6 5. O-O Be7 6. Nc3 O-O 7. Re1 d5 8. cxd5
exd5 9. d4 Bd6 10. Qc2 a6 11. Ng5 Bb4 12. Bf4 h6 13. Nf3 Re8 14. Rac1 Nbd7 15.
a3 Bf8 16. b4 c6 17. Qb3 Nh5 18. Bd2 Nhf6 19. a4 g6 20. Bf4 b5 21. Ne5 Nxe5 22.
Bxe5 Nd7 23. Bf4 g5 24. Bd2 Nb6 25. Rb1 Nc4 26. Bc1 Bg7 27. Rd1 f5 28. Qc2 Bc8
29. Qd3 Be6 30. f3 Qd7 31. e3 Rab8 32. Rb3 Rbd8 33. axb5 axb5 34. Ne2 Kh8 35.
h4 Bf6 36. hxg5 hxg5 37. Kf2 Kg7 38. Rh1 Rh8 39. Rxh8 Rxh8 40. Rb1 Ra8 41. Qc2
f4 42. exf4 Bf5 43. Qb3 gxf4 44. Bxf4 Ra3 45. Qd1 Bxb1 46. Qxb1 Qa7 47. g4 Ra2
48. Bf1 Qxd4+ 49. Kg3 Rxe2 50. Bxe2 Be5 51. Qf5 Qg1+ 52. Kh3 Qh1+ 53. Kg3 Bxf4+
54. Qxf4 Qe1+ 55. Kh3 Qxe2 56. Qc7+ Kf8 57. Qc8+ Kf7 58. Qc7+ Kf8 59. Qf4+ Ke7
60. Qc7+ Kf8 61. Qf4+ Ke7 62. Qc7+ Kf8 63. Qf4+ Ke7 1/2-1/2

[Event "III Festival A"]
[Site "San Martino di Castrozza - Siror ITA"]
[Date "2002.07.07"]
[Round "7"]
[White "Dal Zovo, Claudio"]
[Black "Cavatorta, Fosco"]
[Result "1/2-1/2"]
[WhiteElo "1732"]
[BlackElo "1812"]
[PlyCount "110"]
[EventDate "2002.07.01"]

1. d4 d5 2. Nf3 Nc6 3. b3 Bg4 4. Nbd2 e6 5. Bb2 Bd6 6. h3 Bh5 7. e4 Nge7 8. e5
Bb4 9. Be2 Bxf3 10. Bxf3 Nf5 11. c3 Be7 12. Bg4 Nh4 13. O-O Ng6 14. g3 Nf8 15.
a4 g6 16. Ba3 h5 17. Bxe7 Nxe7 18. Be2 Nf5 19. Bd3 Qe7 20. Nf3 Nh7 21. Qd2 Rg8
22. Rfc1 c6 23. b4 g5 24. Ne1 Nf8 25. Ng2 Ng6 26. Qc2 Nf4 27. Bxf5 exf5 28.
gxf4 gxf4 29. Qxf5 Rg5 30. Qf6 Qxf6 31. exf6 f3 32. Re1+ Kf8 33. Re3 Rxg2+ 34.
Kh1 Rxf2 35. Re5 Rg2 36. Rxh5 Re8 37. Rf1 Rg8 38. Rf5 f2 39. R5xf2 Re3 40. Rf3
Rg3 41. Rxe3 Rxe3 42. Rc1 Rxh3+ 43. Kg2 Rd3 44. b5 Kg8 45. Kf2 cxb5 46. axb5 a6
47. bxa6 bxa6 48. Rg1+ Kf8 49. Ra1 Rxc3 50. Rxa6 Ke8 51. Rd6 Ra3 52. Rxd5 Ra6
53. Rf5 Kd7 54. d5 Ra4 55. Ke3 Kd6 1/2-1/2

[Event "III Festival A"]
[Site "San Martino di Castrozza - Siror ITA"]
[Date "2002.07.07"]
[Round "7"]
[White "Giuriato, Sergio"]
[Black "Lotti, Fabio"]
[Result "1-0"]
[WhiteElo "1788"]
[BlackElo "2045"]
[PlyCount "59"]
[EventDate "2002.07.01"]

1. d4 Nf6 2. c4 e5 3. dxe5 Ng4 4. Nf3 Bc5 5. e3 Nc6 6. Be2 O-O 7. O-O Ngxe5 8.
Nc3 Nxf3+ 9. Bxf3 Ne5 10. Be2 Re8 11. Ne4 Bf8 12. Ng3 Qh4 13. f4 Nc6 14. a3 Bc5
15. b4 Bf8 16. e4 a5 17. b5 Bc5+ 18. Kh1 Nd4 19. Bd3 d6 20. f5 g5 21. Nh5 Re5
22. Bd2 g4 23. Ng3 a4 24. Rf4 h5 25. Nxh5 Qxh5 26. Rxg4+ Kf8 27. Rg8+ Kxg8 28.
Qxh5 Kf8 29. Qh8+ Ke7 30. Bg5+ 1-0

[Event "III Festival A"]
[Site "San Martino di Castrozza - Siror ITA"]
[Date "2002.07.07"]
[Round "7"]
[White "Kleinschroth, Roland"]
[Black "Belotti, Bruno"]
[Result "0-1"]
[WhiteElo "2158"]
[BlackElo "2430"]
[PlyCount "64"]
[EventDate "2002.07.01"]

1. e4 c5 2. Nc3 e6 3. g3 d5 4. exd5 exd5 5. d4 Nf6 6. Bg5 Be7 7. Bg2 cxd4 8.
Qxd4 Nc6 9. Qd2 O-O 10. Nge2 d4 11. Bxf6 Bxf6 12. Nd5 Bg5 13. f4 Be6 14. c4
dxc3 15. bxc3 Be7 16. Nxe7+ Qxe7 17. O-O Qc5+ 18. Nd4 Rad8 19. Qf2 Nxd4 20.
cxd4 Rxd4 21. Rac1 Qd6 22. Bxb7 Bc4 23. Rfe1 Rd2 24. Qxa7 Bd5 25. Qa6 Bxb7 26.
Qxd6 Rxd6 27. Rcd1 Rxd1 28. Rxd1 Bc6 29. Rd3 Rb8 30. Kf2 Rb2+ 31. Kg1 g6 32. a3
Rg2+ 0-1

[Event "III Festival A"]
[Site "San Martino di Castrozza - Siror ITA"]
[Date "2002.07.07"]
[Round "7"]
[White "Mayer, Frank"]
[Black "Zichichi, Alvise"]
[Result "1-0"]
[WhiteElo "2288"]
[BlackElo "2312"]
[PlyCount "65"]
[EventDate "2002.07.01"]

1. e4 c5 2. c3 d5 3. exd5 Qxd5 4. d4 e6 5. Nf3 Nc6 6. Na3 a6 7. Nc4 cxd4 8. Nb6
Qd8 9. Nxa8 Bd7 10. cxd4 Nf6 11. a3 Qxa8 12. Bd3 Bd6 13. O-O h6 14. h3 O-O 15.
Bd2 Rd8 16. Qe2 Qb8 17. Bc3 Be8 18. Rad1 Bf8 19. Bb1 g6 20. Ba2 Nd5 21. Qe4 Bg7
22. Rfe1 Nce7 23. Bd2 Bc6 24. Ne5 Be8 25. Bc1 Qa7 26. Qh4 g5 27. Qe4 Nf5 28.
Ng4 Bc6 29. Ne5 Ba4 30. Nxf7 Nf4 31. Qxe6 Nxd4 32. Rxd4 Re8 33. Rd8 1-0

[Event "III Festival A"]
[Site "San Martino di Castrozza - Siror ITA"]
[Date "2002.07.07"]
[Round "7"]
[White "Pinotti, Claudio"]
[Black "Schiappacasse, Marcello"]
[Result "0-1"]
[WhiteElo "2073"]
[BlackElo "1761"]
[PlyCount "74"]
[EventDate "2002.07.01"]

1. e4 c5 2. c3 d5 3. exd5 Qxd5 4. d4 Nf6 5. dxc5 Qxc5 6. Be3 Qc7 7. Nf3 Nc6 8.
Na3 e6 9. Nb5 Qb8 10. Bc4 Bd7 11. O-O a6 12. Nbd4 Bd6 13. Qe2 O-O 14. Bg5 Nxd4
15. cxd4 Ng4 16. h3 Nh2 17. Rfd1 Nxf3+ 18. Qxf3 Rc8 19. Rac1 b5 20. Bd3 Qb6 21.
Qg4 Rxc1 22. Rxc1 Rc8 23. Rd1 Bf8 24. Bf6 Qd6 25. h4 e5 26. Qe4 g6 27. Bxe5 Qb4
28. h5 Bg7 29. hxg6 hxg6 30. Qb7 Bg4 31. Bxg6 Re8 32. Bxg7 Kxg7 33. f3 Kxg6 34.
fxg4 Qe7 35. Qxa6+ f6 36. Qxb5 Qe3+ 37. Kh1 Rh8+ 0-1

[Event "III Festival A"]
[Site "San Martino di Castrozza - Siror ITA"]
[Date "2002.07.07"]
[Round "7"]
[White "Weinberg, Emanuele"]
[Black "Vita, Fabrizio"]
[Result "0-1"]
[WhiteElo "1725"]
[BlackElo "2069"]
[PlyCount "76"]
[EventDate "2002.07.01"]

1. d4 Nf6 2. c4 c5 3. d5 b5 4. cxb5 a6 5. Nc3 axb5 6. e4 b4 7. Nb5 d6 8. Bf4 e5
9. Bg5 Be7 10. Bd3 O-O 11. Ne2 Ba6 12. Ng3 Nxd5 13. Bxe7 Nxe7 14. Bc4 Bxb5 15.
Bxb5 Nbc6 16. O-O Nd4 17. Bc4 Kh8 18. f4 f6 19. f5 d5 20. exd5 Nxd5 21. Re1 Nb6
22. Bd3 c4 23. Be4 Rc8 24. Rc1 Qd7 25. b3 cxb3 26. axb3 Rxc1 27. Qxc1 Nxb3 28.
Qb1 Qd4+ 29. Kh1 Nd2 30. Qd3 Qxd3 31. Bxd3 Rd8 32. Bb1 Nbc4 33. Kg1 Kg8 34. Kf2
b3 35. Ke2 Nxb1 36. Rxb1 Rd2+ 37. Kf3 b2 38. Ne4 Rd4 0-1